000 00509nam a22001817a 4500
003 MCS
005 20230125130931.0
008 210113b xxu||||| |||| 00| 0 eng d
020 _a9780722537510
040 _cceme
082 _a869.342,COE
100 _aCoelho, Paulo
_93636
245 _aThe fifth mountain /
_bPaulo Coelho
260 _aLondon
_bHarper Collins
_c2003
300 _aIX, 243P .:
650 _aEnglish Literature Novel
_980676
942 _cFIC
_2ddc
_i869.342,COE
999 _c591499
_d591499